Competitiveness and employment : (Record no. 2614)

000 -LEADER
fixed length control field 01365cam a2200337 a 4500
001 - CONTROL NUMBER
control field 2127632
003 - CONTROL NUMBER IDENTIFIER
control field OSt
005 - DATE AND TIME OF LATEST TRANSACTION
control field 20180117085945.0
008 - FIXED-LENGTH DATA ELEMENTS--GENERAL INFORMATION
fixed length control field 971117s1997 dcua b 000 0 eng
010 ## - LIBRARY OF CONGRESS CONTROL NUMBER
LC control number 97050069
020 ## - INTERNATIONAL STANDARD BOOK NUMBER
International Standard Book Number 0821341642 (pbk.)
040 ## - CATALOGING SOURCE
Original cataloging agency DLC
Transcribing agency DLC
Modifying agency DLC
043 ## - GEOGRAPHIC AREA CODE
Geographic area code e-pl---
050 00 - LIBRARY OF CONGRESS CALL NUMBER
Classification number HN537.5
Item number .C5 1997
082 00 - DEWEY DECIMAL CLASSIFICATION NUMBER
Classification number 307.1/412/09438
Edition number 21
100 1# - MAIN ENTRY--PERSONAL NAME
Personal name Christensen, Garry,
Dates associated with a name 1953-
245 10 - TITLE STATEMENT
Title Competitiveness and employment :
Remainder of title a framework for rural development in Poland /
Statement of responsibility, etc. Garry Christensen, Richard Lacroix.
260 ## - PUBLICATION, DISTRIBUTION, ETC.
Place of publication, distribution, etc. Washington, D.C. :
Name of publisher, distributor, etc. World Bank,
Date of publication, distribution, etc. c1997.
300 ## - PHYSICAL DESCRIPTION
Extent viii, 55 p. :
Other physical details ill. ;
Dimensions 28 cm.
490 1# - SERIES STATEMENT
Series statement World Bank discussion paper,
International Standard Serial Number 0259-210X ;
Volume/sequential designation no. 383
504 ## - BIBLIOGRAPHY, ETC. NOTE
Bibliography, etc. note Includes bibliographical references (p. 55).
650 #0 - SUBJECT ADDED ENTRY--TOPICAL TERM
Topical term or geographic name entry element Rural development
Geographic subdivision Poland.
650 #0 - SUBJECT ADDED ENTRY--TOPICAL TERM
Topical term or geographic name entry element Agriculture
General subdivision Economic aspects
Geographic subdivision Poland.
651 #0 - SUBJECT ADDED ENTRY--GEOGRAPHIC NAME
Geographic name Poland
General subdivision Rural conditions.
700 1# - ADDED ENTRY--PERSONAL NAME
Personal name Lacroix, Richard L. J.,
Dates associated with a name 1938-
830 #0 - SERIES ADDED ENTRY--UNIFORM TITLE
Uniform title World Bank discussion papers ;
Volume/sequential designation 383.
906 ## - LOCAL DATA ELEMENT F, LDF (RLIN)
a 7
b cbc
c orignew
d 1
e ocip
f 19
g y-gencatlg
942 ## - ADDED ENTRY ELEMENTS (KOHA)
Source of classification or shelving scheme
Koha item type Book
Holdings
Withdrawn status Lost status Source of classification or shelving scheme Damaged status Not for loan Collection code Permanent Location Current Location Shelving location Date acquired Total Checkouts Full call number Barcode Date last seen Price effective from Koha item type
            Central Library (CL) Central Library (CL) General Stacks 03/08/2016   307.1/412/09438 CHR S3H-N-432 03/08/2016 03/08/2016 Book
© 2023 Central Library, National University of Sciences and Technology. All Rights Reserved.